000
00197 a2200097 4500
001
23598
100
_a
Moskalenko, V.A
245
_a
Mechanisms
260
_a
_b
Iliffe
_c
1964
090
_c
15983
_d
15983
942
_a
NUST-CAE
_c
M
_c
6650
999
_c
258671
_d
258671